"Es gibt keine Flucht vor den eigenen Wurzeln"

Titel: "Es gibt keine Flucht vor den eigenen Wurzeln" : Biographische Erzählung von Hela Fisher vor dem Hintergrund der Rückker zum Geburtsort und zu den eigenen Wurzeln
Verfasser:
In: Uniwersytet Jagielloński w Krakowie. Instytut Judaistyki: Scripta judaica cracoviensia, Band 7 (2009), Seite 143-149
alle Artikel anzeigen
Veröffentlicht: 2009
Format: Aufsatz
Sprache: Polnisch
Kein Bild verfügbar
X
alg: 39419458
001A    $01999:12-11-16 
001B    $01999:08-04-21 $t21:09:26.000 
001D    $01999:12-11-16 
001U    $0utf8 
001X    $00 
002@    $0Aox 
003@    $0394194586 
007A    $0394194586 $aHEB 
007T    $0Herdkk00027395 
010@    $apol 
011@    $a2009 
021A    $a"Es gibt keine Flucht vor den eigenen Wurzeln" $dBiographische Erzählung von Hela Fisher vor dem Hintergrund der Rückker zum Geburtsort und zu den eigenen Wurzeln 
028A    $aStępień $dMonika 
031A    $d7 $h143-149 $j2009 
037A    $aDot. wspomnień H. Fisher z Krakowa z czasów II wojny światowej, traumy okresu Zagłady i powojnia  
039B    $aIn $8--Abvc--Uniwersytet Jagielloński w Krakowie$bInstytut Judaistyki [Tb1]. Scripta judaica cracoviensia. - Kraków : Wydawn Uniw. Jagiellónskiego, 2002-. - ISSN 1733-5760 $x200900000070000857 $9119947331 
045F    $a900.943809043 $eDDC23BSB 
045F/01 $a900 
045F/03 $f09043 
045F/03 $f09044 
045F/03 $g438 
045T    $aJUDAICA $qDE-30 $2FID 
045T    $a7,7 

lok: 39419458 78

exp: 39419458 78 1 #EPN
201B/01 $026-11-17 $t23:23:48.000 
201U/01 $0utf8 
203@/01 $0790305097 
208@/01 $a12-11-16 $be 
209A/01 $a/ $f000 $x00 
220C/01 $aTitelaufnehmer: pbb 
220C/01 $aHerkunft: PBB/IH PAN 
220C/01 $aAnmerkung: *uA 
244Z/01 $2Trx $#Poola $#Lenkija $#Polija $#Polen Land $#Poland $#Lengyelország $#Poľsko $#Polsko $8--Trx--Polska$gkraj $x01 $9391345966 
244Z/01 $#Krakau $#Kraków $#Cracovie $#Cracovia $#Cracow $#Krakoi $#Krakov $#Cracov $74073760-3 $8--Tg1--Krakau $x02 $9085207705 
244Z/01 $aFisher Hela $x03 
244Z/01 $2Trx $8--Trx--Zeitschriftenaufsatz $x04 $9391384341 
245Z/01 $a13.03 $x01 
245Z/01 $a06.04.03 $x02 
247C/01 $82080>Marburg/Lahn, Herder-Institut, Forschungsbibliothek, Bibliographieportal $9336309341
LEADER 00000caa a22000002c 4500
001 394194586
003 DE-603
005 20210408210926.0
007 tu
008 161112s2009 xx |||| | u00||u|pol c
035 |a (DE-599)HEB394194586 
040 |a DE-603  |b ger  |c DE-603  |d DE-603 
041 |a pol 
082 0 4 |8 1\u  |a 900.943809043  |q DE-101  |2 23/BSB 
084 |a JUDAICA  |q DE-30  |2 fid 
084 |a 7,7  |2 ssgn 
085 |8 1\u  |b 900 
085 |8 1\u  |z 1  |s 09043 
085 |8 1\u  |z 1  |s 09044 
085 |8 1\u  |z 2  |s 438 
100 1 |a Stępień, Monika 
245 0 0 |a "Es gibt keine Flucht vor den eigenen Wurzeln"  |b Biographische Erzählung von Hela Fisher vor dem Hintergrund der Rückker zum Geburtsort und zu den eigenen Wurzeln 
264 0 |c 2009 
500 |a Dot. wspomnień H. Fisher z Krakowa z czasów II wojny światowej, traumy okresu Zagłady i powojnia <pol> 
773 0 8 |i In  |a Uniwersytet Jagielloński w Krakowie. Instytut Judaistyki  |t Scripta judaica cracoviensia  |d Kraków : Wydawn Uniw. Jagiellónskiego, 2002-  |x 1733-5760  |g Band 7 (2009), Seite 143-149  |w (DE-603)119947331  |w (DE-600)2141449-X 
924 0 |9 2080  |a (DE-603)790305097  |b DE-2080  |c HES  |d d  |g /